| 000 | 00341nam a22001337a 4500 | ||
|---|---|---|---|
| 003 | SGT | ||
| 082 |
_a616.0707 _bA12D |
||
| 100 | _aDATTA, ANSHUM | ||
| 245 | _aADVANCES IN DIAGNOSIS OF POTENTIALLY MALIGNANT DISORDER | ||
| 260 |
_aDELHI NCR _bSGT UNIVERSITY GURUGRAM _c2012 |
||
| 300 | _a1-98 | ||
| 650 | _aORAL PATHOLOGY | ||
| 942 |
_2ddc _cTH |
||
| 999 |
_c18593 _d18593 |
||